Utilization of sewage sludge compost as a soil conditioner and fertilizer for plant growth

Saved in:
Bibliographic Details
Format: Book
Language:English
Published: Washington United States Department of Agriculture 1984
Tags: Add Tag
No Tags, Be the first to tag this record!

MARC

LEADER 00000nam a2200000 4500
001 c114721
005 20041019155159.4
041 0 |a eng 
044 |a US 
245 1 0 |a Utilization of sewage sludge compost as a soil conditioner and fertilizer for plant growth 
264 1 |a Washington  |b United States Department of Agriculture  |c 1984 
300 |a 32 s.